000 nam a22 7a 4500
999 _c7544
_d7544
008 170920b xxu||||| |||| 00| 0 eng d
020 _a08445514146
100 _94065
_aBlecha
245 _aThe New Exploring Science
260 _aIllinois
_bLaidlaw Brothers
_c1982